00409nam a2200169Ia 4500008004100000041001200041082000800053082001100061100001700072100001100089245004100100260001400141260003500155260000900190300001500199365002500214150901s9999 xx 000 0 und d aEnglish a658 bGEO/MA aGeorge C S  eAuthor aManagement for business and industry aNew Delhi bPrentice-hall of India Pvt Ltd c1985 a642 Pages aRs.50